Les jeux les plus achetés en 2023 sur Steam - Statistiques

Statistiques générales
  • Ce quiz a été pris 30 fois
    25 depuis la dernière actualisation
  • Le résultat moyen est 4 sur 50
Statistiques - réponses
# Jeu Éditeur(s) Mois de sortie % Correct
27 NBA 2K24 2K Septembre
67%
1 Baldur's Gate 3 Larian Studios Août
52%
14 EA SPORTS FC 24 Electronic Arts Septembre
52%
2 Hogwarts Legacy Warner Bros. Games Février
38%
6 Starfield Bethesda Softworks Septembre
33%
7 Street Fighter 6 CAPCOM Co., Ltd. Juine
29%
5 Resident Evil 4 CAPCOM Co., Ltd. Mars
19%
9 ARMORED CORE VI FIRES OF RUBICON FromSoftware Inc., Bandai Namco Entertainment Inc. Août
14%
46 Pizza Tower Tour De Pizza Janvier
14%
4 Lethal Company Zeekerss Octobre
10%
18 Borderlands Game of the Year 2K Août
5%
8 DAVE THE DIVER MINTROCKET Juin
5%
37 DREDGE Team17 Mars
5%
28 Dune: Spice Wars Funcom, Shiro Games Septembre
5%
48 Hi-Fi RUSH Bethesda Softworks Janvier
5%
40 The Last of Us Part I PlayStation PC LLC Mars
5%
29 Warhammer 40,000: Rogue Trader Owlcat Games Décembre
5%
34 20 Minutes Till Dawn Erabit, flanne Juin
0%
47 Against the Storm Hooded Horse Décembre
0%
38 ARK: Survival Ascended Studio Wildcard, Snail Games USA Octobre
0%
23 Atomic Heart Focus Entertainment, 4Divinity Février
0%
19 Barotrauma Daedalic Entertainment Mars
0%
16 BattleBit Remastered SgtOkiDoki Juin
0%
41 Brick Rigs Fluppisoft Juillet
0%
15 Brotato Blobfish Juin
0%
36 Cities: Skylines II Paradox Interactive Octobre
0%
21 Deadlink SuperGG.com Juillet
0%
49 Dead Space Electronic Arts Janvier
0%
30 Demonologist Clock Wizard Games Septembre
0%
10 Eternal Return: Black Survival Kakao Games Europe B.V. Juillet
0%
35 Golf It! Perfuse Entertainment Août
0%
44 Gorilla Tag Another Axiom Janvier
0%
24 KartRider: Drift Nexon America Inc. Janvier
0%
42 Love Is All Around intiny Octobre
0%
26 Mr. Sun's Hatbox Raw Fury Avril
0%
45 NARUTO TO BORUTO: SHINOBI STRIKER Bandai Namco Entertainment Juin
0%
25 Operation: Harsh Doorstop Stardock Février
0%
13 Party Animals Source Technology Septembre
0%
12 PAYDAY 3 Deep Silver Septembre
0%
17 Ready or Not VOID Interactive Décembre
0%
43 REMNANT II Arc Games Juillet
0%
33 Risk of Rain Returns Gearbox Publishing Novembre
0%
32 Starship Troopers: Extermination Offworld Mai
0%
3 Tale of Immortal 鬼谷工作室, Lightning Games Mai
0%
20 Terraformers Goblinz Publishing, IndieArk Mars
0%
11 The Day Before Mytona Fntastic Décembre
0%
50 The Last Spell The Arcade Crew, Gamera Games, DANGEN Entertainment Mars
0%
39 Volcano Princess Gamera Games Avril
0%
31 Wartales Shiro Unlimited Avril
0%
22 Wo Long: Fallen Dynasty KOEI TECMO GAMES CO., LTD. Mars
0%
Aucun quiz correspondant
Distribution des résultats
% des personnes avec chaque résultat
Percentile par nombre de réponses
Votre historique - résultats
Vous n’avez pas pris ce quiz depuis la dernière actualisation